| Tag |
First Indicator |
Second Indicator |
Subfields |
| LEADER |
00000cas a2200000 4500 |
| 001 |
in00000043260 |
| 005 |
20151007070933.0 |
| 008 |
770314c19729999ksumr1p 0uuua0eng |
| 010 |
|
|
|a sc 77000681
|
| 012 |
|
|
|a 2
|b 1
|e n
|k 1
|l 1
|m c
|
| 022 |
0 |
|
|a 0145-9198
|
| 035 |
|
|
|a (OCoLC)02801059
|
| 035 |
|
|
|9 AAE5002AM
|
| 040 |
|
|
|a NSD
|c NSD
|d DLC
|d NSD
|d TXA
|d UtOrBLW
|
| 042 |
|
|
|a nsdp
|a lc
|
| 043 |
|
|
|a n-us---
|
| 049 |
|
|
|a TXAE
|
| 090 |
|
|
|a TN860
|b .M5
|
| 222 |
|
4 |
|a The American oil & gas reporter
|
| 245 |
0 |
4 |
|a The American oil & gas reporter.
|
| 246 |
3 |
|
|a American oil and gas reporter
|
| 264 |
|
1 |
|a Wichita, Kan. :
|b Domestic Petroleum Pub., inc.
|
| 300 |
|
|
|a volumes :
|b illustrations
|a monthly.
|
| 310 |
|
|
|a Monthly
|b <, June 1986->
|
| 321 |
|
|
|a Monthly,
|b <Apr. 1980-Jan. 1982>
|
| 321 |
|
|
|a Eighteen issues a year (monthly, with extra issues in April, Maym July, Aug., Ot., Dec.),
|b <Marh 1982->
|
| 336 |
|
|
|a text
|b txt
|2 rdacontent
|
| 337 |
|
|
|a unmediated
|b n
|2 rdamedia
|
| 338 |
|
|
|a volume
|b nc
|2 rdacarrier
|
| 362 |
0 |
|
|a v. 15, no. 9- Dec. 1972-
|
| 650 |
|
0 |
|a Petroleum industry and trade
|v Periodicals.
|
| 650 |
|
0 |
|a Petroleum
|z United States
|x Periodicals.
|
| 650 |
|
0 |
|a Natural gas
|z United States
|x Periodicals.
|
| 780 |
0 |
0 |
|t Mid-America oil & gas reporter
|
| 999 |
|
|
|a MARS
|
| 999 |
f |
f |
|s 88fe4225-f694-3890-afd2-d58576bc28a7
|i 33429b65-3309-3600-94e1-667232579069
|t 0
|
| 952 |
f |
f |
|a Texas A&M University
|b College Station
|c Sterling C. Evans Library
|d Evans: Library Stacks
|e TN860 .M5
|h Library of Congress classification
|i unmediated -- volume
|k v.46:no.9-10
|l 2003:Sept.-Oct.
|m A14832177416
|p serial
|s Evans stk
|t 0
|
| 952 |
f |
f |
|a Texas A&M University
|b College Station
|c Sterling C. Evans Library
|d Evans: Library Stacks
|e TN860 .M5
|h Library of Congress classification
|i unmediated -- volume
|k v.32:no.7-12
|l 1989:July-Dec.
|m A14812049562
|p serial
|s Evans stk
|t 0
|
| 952 |
f |
f |
|a Texas A&M University
|b College Station
|c Sterling C. Evans Library
|d Evans: Library Stacks
|e TN860 .M5
|h Library of Congress classification
|i unmediated -- volume
|k v.57:no.1-2
|l 2014:Jan.-Feb.
|m A14842837867
|p serial
|s Evans stk
|t 0
|
| 952 |
f |
f |
|a Texas A&M University
|b College Station
|c Sterling C. Evans Library
|d Evans: Library Stacks
|e TN860 .M5
|h Library of Congress classification
|i unmediated -- volume
|k v.65:no.7-9
|l 2022:July-Sept.
|m A14851811043
|p serial
|s Evans stk
|t 0
|
| 952 |
f |
f |
|a Texas A&M University
|b College Station
|c Sterling C. Evans Library
|d Evans: At Bindery (Does not check out)
|e TN860 .M5
|h Library of Congress classification
|i unmediated -- volume
|k v.68:no.7-9
|l 2025:July-Sep.
|m A14852415190
|p serial
|s Evans at bindery
|t 0
|
| 952 |
f |
f |
|a Texas A&M University
|b College Station
|c Sterling C. Evans Library
|d Evans: Library Stacks
|e TN860 .M5
|h Library of Congress classification
|i unmediated -- volume
|k v.53:no.11-13
|l 2010:Oct.-Dec.
|m A14839425797
|p serial
|s Evans stk
|t 0
|
| 952 |
f |
f |
|a Texas A&M University
|b College Station
|c Sterling C. Evans Library
|d Evans: Library Stacks
|e TN860 .M5
|h Library of Congress classification
|i unmediated -- volume
|k v.34:no.7-12
|l 1991:July-Dec.
|m A14816051634
|p serial
|s Evans stk
|t 0
|
| 952 |
f |
f |
|a Texas A&M University
|b College Station
|c Sterling C. Evans Library
|d Evans: Library Stacks
|e TN860 .M5
|h Library of Congress classification
|i unmediated -- volume
|k v.67:no.1-3
|l 2024:Jan.-Mar.
|m A14852190330
|p serial
|s Evans stk
|t 0
|
| 952 |
f |
f |
|a Texas A&M University
|b College Station
|c Sterling C. Evans Library
|d Evans: Library Stacks
|e TN860 .M5
|h Library of Congress classification
|i unmediated -- volume
|k v.41:no.9-13
|l 1998:Sept.-Dec.
|m A14824925203
|p serial
|s Evans stk
|t 0
|
| 952 |
f |
f |
|a Texas A&M University
|b College Station
|c Sterling C. Evans Library
|d Evans: Library Stacks
|e TN860 .M5
|h Library of Congress classification
|i unmediated -- volume
|k v.37:no.1-4
|l 1994:Jan.-Apr.
|m A14819082634
|p serial
|s Evans stk
|t 0
|
| 952 |
f |
f |
|a Texas A&M University
|b College Station
|c Sterling C. Evans Library
|d Evans: Library Stacks
|e TN860 .M5
|h Library of Congress classification
|i unmediated -- volume
|k v.40:no.11-13
|l 1997:Nov.-Dec.
|m A14823635025
|p serial
|s Evans stk
|t 0
|
| 952 |
f |
f |
|a Texas A&M University
|b College Station
|c Sterling C. Evans Library
|d Evans: Library Stacks
|e TN860 .M5
|h Library of Congress classification
|i unmediated -- volume
|k v.54:no.7-8
|l 2011:July-Aug.
|m A14841509353
|p serial
|s Evans stk
|t 0
|
| 952 |
f |
f |
|a Texas A&M University
|b College Station
|c Sterling C. Evans Library
|d Evans: Library Stacks
|e TN860 .M5
|h Library of Congress classification
|i unmediated -- volume
|k v.30:no.7-12
|l 1987:July-Dec.
|m A14811384650
|p serial
|s Evans stk
|t 0
|
| 952 |
f |
f |
|a Texas A&M University
|b College Station
|c Sterling C. Evans Library
|d Evans: Library Stacks
|e TN860 .M5
|h Library of Congress classification
|i unmediated -- volume
|k v.46:no.3-4
|l 2003:Mar.-Apr.
|m A14830948413
|p serial
|s Evans stk
|t 0
|
| 952 |
f |
f |
|a Texas A&M University
|b College Station
|c Sterling C. Evans Library
|d Evans: Library Stacks
|e TN860 .M5
|h Library of Congress classification
|i unmediated -- volume
|k v.59:no.7-8
|l 2016:July-Aug.
|m A14850087231
|p serial
|s Evans stk
|t 0
|
| 952 |
f |
f |
|a Texas A&M University
|b College Station
|c Sterling C. Evans Library
|d Evans: Library Stacks
|e TN860 .M5
|h Library of Congress classification
|i unmediated -- volume
|k v.50:no.1-2
|l 2007:Jan.-Feb.
|m A14835107389
|p serial
|s Evans stk
|t 0
|
| 952 |
f |
f |
|a Texas A&M University
|b College Station
|c Sterling C. Evans Library
|d Evans: Library Stacks
|e TN860 .M5
|h Library of Congress classification
|i unmediated -- volume
|k v.42:no.1-4
|l 1999:Jan.-Apr.
|m A14824925198
|p serial
|s Evans stk
|t 0
|
| 952 |
f |
f |
|a Texas A&M University
|b College Station
|c Sterling C. Evans Library
|d Evans: Library Stacks
|e TN860 .M5
|h Library of Congress classification
|i unmediated -- volume
|k v.55:no.3-4
|l 2012:Mar.-Apr.
|m A14841850143
|p serial
|s Evans stk
|t 0
|
| 952 |
f |
f |
|a Texas A&M University
|b College Station
|c Sterling C. Evans Library
|d Evans: Library Stacks
|e TN860 .M5
|h Library of Congress classification
|i unmediated -- volume
|k v.55:no.11-12
|l 2012:Nov.-Dec.
|m A14841850242
|p serial
|s Evans stk
|t 0
|
| 952 |
f |
f |
|a Texas A&M University
|b College Station
|c Sterling C. Evans Library
|d Evans: Library Stacks
|e TN860 .M5
|h Library of Congress classification
|i unmediated -- volume
|k v.53:no.1-2
|l 2010:Jan.-Feb.
|m A14839425844
|p serial
|s Evans stk
|t 0
|
| 952 |
f |
f |
|a Texas A&M University
|b College Station
|c Sterling C. Evans Library
|d Evans: Library Stacks
|e TN860 .M5
|h Library of Congress classification
|i unmediated -- volume
|k v.43:no.7-8
|l 2000:July-Aug.
|m A14827255102
|p serial
|s Evans stk
|t 0
|
| 952 |
f |
f |
|a Texas A&M University
|b College Station
|c Sterling C. Evans Library
|d Evans: Library Stacks
|e TN860 .M5
|h Library of Congress classification
|i unmediated -- volume
|k v.50:no.5-6
|l 2007:May-June
|m A14836131917
|p serial
|s Evans stk
|t 0
|
| 952 |
f |
f |
|a Texas A&M University
|b College Station
|c Sterling C. Evans Library
|d Evans: Library Stacks
|e TN860 .M5
|h Library of Congress classification
|i unmediated -- volume
|k v.67:no.10-12
|l 2024:Oct.-Dec.
|m A14852700690
|p serial
|s Evans stk
|t 0
|
| 952 |
f |
f |
|a Texas A&M University
|b College Station
|c Sterling C. Evans Library
|d Evans: Library Stacks
|e TN860 .M5
|h Library of Congress classification
|i unmediated -- volume
|k v.43:no.1-2
|l 2000:Jan-Feb.
|m A14826834181
|p serial
|s Evans stk
|t 0
|
| 952 |
f |
f |
|a Texas A&M University
|b College Station
|c Sterling C. Evans Library
|d Evans: Library Stacks
|e TN860 .M5
|h Library of Congress classification
|i unmediated -- volume
|k v.57:no.3-4
|l 2014:Mar.-April
|m A14842837859
|p serial
|s Evans stk
|t 0
|
| 952 |
f |
f |
|a Texas A&M University
|b College Station
|c Sterling C. Evans Library
|d Evans: Library Stacks
|e TN860 .M5
|h Library of Congress classification
|i unmediated -- volume
|k v.57:no.11-12
|l 2014:Oct.
|m A14843117053
|p serial
|s Evans stk
|t 0
|
| 952 |
f |
f |
|a Texas A&M University
|b College Station
|c Sterling C. Evans Library
|d Evans: Library Stacks
|e TN860 .M5
|h Library of Congress classification
|i unmediated -- volume
|k v.60:no.9-10
|l 2017:Sept.-Oct.
|m A14850367252
|p serial
|s Evans stk
|t 0
|
| 952 |
f |
f |
|a Texas A&M University
|b College Station
|c Sterling C. Evans Library
|d Evans: Library Stacks
|e TN860 .M5
|h Library of Congress classification
|i unmediated -- volume
|k v.46:no.5-6
|l 2003:May-June
|m A14830948455
|p serial
|s Evans stk
|t 0
|
| 952 |
f |
f |
|a Texas A&M University
|b College Station
|c Sterling C. Evans Library
|d Evans: Library Stacks
|e TN860 .M5
|h Library of Congress classification
|i unmediated -- volume
|k v.62:no.3-4
|l 2019:Mar.-Apr.
|m A14851462920
|p serial
|s Evans stk
|t 0
|
| 952 |
f |
f |
|a Texas A&M University
|b College Station
|c Sterling C. Evans Library
|d Evans: Library Stacks
|e TN860 .M5
|h Library of Congress classification
|i unmediated -- volume
|k v.33:no.7-12
|l 1990:July-Dec.
|m A14812961497
|p serial
|s Evans stk
|t 0
|
| 952 |
f |
f |
|a Texas A&M University
|b College Station
|c Sterling C. Evans Library
|d Evans: Library Stacks
|e TN860 .M5
|h Library of Congress classification
|i unmediated -- volume
|k v.50:no.9-10
|l 2007:Sept.-Oct.
|m A14836409271
|p serial
|s Evans stk
|t 0
|
| 952 |
f |
f |
|a Texas A&M University
|b College Station
|c Sterling C. Evans Library
|d Evans: Library Stacks
|e TN860 .M5
|h Library of Congress classification
|i unmediated -- volume
|k v.49:no.11-13
|l 2006:Oct.-Dec.
|m A14835091994
|p serial
|s Evans stk
|t 0
|
| 952 |
f |
f |
|a Texas A&M University
|b College Station
|c Sterling C. Evans Library
|d Evans: Library Stacks
|e TN860 .M5
|h Library of Congress classification
|i unmediated -- volume
|k v.35:no.7-12
|l 1992:July-Dec.
|m A14817017798
|p serial
|s Evans stk
|t 0
|
| 952 |
f |
f |
|a Texas A&M University
|b College Station
|c Sterling C. Evans Library
|d Evans: Library Stacks
|e TN860 .M5
|h Library of Congress classification
|i unmediated -- volume
|k v.39:no.1-4
|l 1996:Jan.-Apr.
|m A14821428155
|p serial
|s Evans stk
|t 0
|
| 952 |
f |
f |
|a Texas A&M University
|b College Station
|c Sterling C. Evans Library
|d Evans: Library Stacks
|e TN860 .M5
|h Library of Congress classification
|i unmediated -- volume
|k v.57:no.7-8
|l 2014:June-July
|m A14842837834
|p serial
|s Evans stk
|t 0
|
| 952 |
f |
f |
|a Texas A&M University
|b College Station
|c Sterling C. Evans Library
|d Evans: Library Stacks
|e TN860 .M5
|h Library of Congress classification
|i unmediated -- volume
|k v.64:no.5-6
|l 2021:May-June
|m A14851503574
|p serial
|s Evans stk
|t 0
|
| 952 |
f |
f |
|a Texas A&M University
|b College Station
|c Sterling C. Evans Library
|d Evans: Library Stacks
|e TN860 .M5
|h Library of Congress classification
|i unmediated -- volume
|k v.53:no.7-8
|l 2010:July-Aug.
|m A14839425810
|p serial
|s Evans stk
|t 0
|
| 952 |
f |
f |
|a Texas A&M University
|b College Station
|c Sterling C. Evans Library
|d Evans: Library Stacks
|e TN860 .M5
|h Library of Congress classification
|i unmediated -- volume
|k v.53:no.5-6
|l 2010:May-June
|m A14839425828
|p serial
|s Evans stk
|t 0
|
| 952 |
f |
f |
|a Texas A&M University
|b College Station
|c Sterling C. Evans Library
|d Evans: Library Stacks
|e TN860 .M5
|h Library of Congress classification
|i unmediated -- volume
|k v.40:no.8-10
|l 1997:Aug.-Oct.
|m A14823634972
|p serial
|s Evans stk
|t 0
|
| 952 |
f |
f |
|a Texas A&M University
|b College Station
|c Sterling C. Evans Library
|d Evans: Library Stacks
|e TN860 .M5
|h Library of Congress classification
|i unmediated -- volume
|k v.50:no.3-4
|l 2007:Mar.-Apr.
|m A14836131878
|p serial
|s Evans stk
|t 0
|
| 952 |
f |
f |
|a Texas A&M University
|b College Station
|c Sterling C. Evans Library
|d Evans: Library Stacks
|e TN860 .M5
|h Library of Congress classification
|i unmediated -- volume
|k v.54:no.9-10
|l 2011:Sept.-Oct.
|m A14841509345
|p serial
|s Evans stk
|t 0
|
| 952 |
f |
f |
|a Texas A&M University
|b College Station
|c Sterling C. Evans Library
|d Evans: Library Stacks
|e TN860 .M5
|h Library of Congress classification
|i unmediated -- volume
|k v.55:no.9-12
|l 2012:Sept.-Oct.
|m A14841850192
|p serial
|s Evans stk
|t 0
|
| 952 |
f |
f |
|a Texas A&M University
|b College Station
|c Sterling C. Evans Library
|d Evans: Library Stacks
|e TN860 .M5
|h Library of Congress classification
|i unmediated -- volume
|k v.40:no.5-7
|l 1997:May-July
|m A14823635075
|p serial
|s Evans stk
|t 0
|
| 952 |
f |
f |
|a Texas A&M University
|b College Station
|c Sterling C. Evans Library
|d Evans: Library Stacks
|e TN860 .M5
|h Library of Congress classification
|i unmediated -- volume
|k v.65:no.10-12
|l 2022:Oct.-Dec.
|m A14851811050
|p serial
|s Evans stk
|t 0
|
| 952 |
f |
f |
|a Texas A&M University
|b College Station
|c Sterling C. Evans Library
|d Evans: Library Stacks
|e TN860 .M5
|h Library of Congress classification
|i unmediated -- volume
|k v.39:no.5-8
|l 1996:May-Aug.
|m A14821428252
|p serial
|s Evans stk
|t 0
|
| 952 |
f |
f |
|a Texas A&M University
|b College Station
|c Sterling C. Evans Library
|d Evans: Library Stacks
|e TN860 .M5
|h Library of Congress classification
|i unmediated -- volume
|k v.44:no.3-4
|l 2001:Mar.-April
|m A14827355198
|p serial
|s Evans stk
|t 0
|
| 952 |
f |
f |
|a Texas A&M University
|b College Station
|c Sterling C. Evans Library
|d Evans: Library Stacks
|e TN860 .M5
|h Library of Congress classification
|i unmediated -- volume
|k v.36:no.9-12
|l 1993:Sept.-Dec.
|m A14818417420
|p serial
|s Evans stk
|t 0
|
| 952 |
f |
f |
|a Texas A&M University
|b College Station
|c Sterling C. Evans Library
|d Evans: Library Stacks
|e TN860 .M5
|h Library of Congress classification
|i unmediated -- volume
|k v.58:no.7-8
|l 2015:July-Aug.
|m A14843169328
|p serial
|s Evans stk
|t 0
|
| 952 |
f |
f |
|a Texas A&M University
|b College Station
|c Sterling C. Evans Library
|d Evans: Library Stacks
|e TN860 .M5
|h Library of Congress classification
|i unmediated -- volume
|k v.68:no.4-6
|l 2025:Apr.-June
|m A14852761742
|p serial
|s Evans stk
|t 0
|
| 952 |
f |
f |
|a Texas A&M University
|b College Station
|c Sterling C. Evans Library
|d Evans: Library Stacks
|e TN860 .M5
|h Library of Congress classification
|i unmediated -- volume
|k v.38:no.1-4
|l 1995:Jan.-Apr.
|m A14819990057
|p serial
|s Evans stk
|t 0
|
| 952 |
f |
f |
|a Texas A&M University
|b College Station
|c Sterling C. Evans Library
|d Evans: Library Stacks
|e TN860 .M5
|h Library of Congress classification
|i unmediated -- volume
|k v.63:no.1-2
|l 2020:Jan.-Feb.
|m A14851485731
|p serial
|s Evans stk
|t 0
|
| 952 |
f |
f |
|a Texas A&M University
|b College Station
|c Sterling C. Evans Library
|d Evans: Library Stacks
|e TN860 .M5
|h Library of Congress classification
|i unmediated -- volume
|k v.49:no.3-4
|l 2006:Mar.-Apr.
|m A14834634139
|p serial
|s Evans stk
|t 0
|
| 952 |
f |
f |
|a Texas A&M University
|b College Station
|c Sterling C. Evans Library
|d Evans: Library Stacks
|e TN860 .M5
|h Library of Congress classification
|i unmediated -- volume
|k v.40:no.1-4
|l 1997:Jan.-Apr.
|m A14821428406
|p serial
|s Evans stk
|t 0
|
| 952 |
f |
f |
|a Texas A&M University
|b College Station
|c Sterling C. Evans Library
|d Evans: Library Stacks
|e TN860 .M5
|h Library of Congress classification
|i unmediated -- volume
|k v.45:no.3-4
|l 2002:Mar.-Apr.
|m A14829897510
|p serial
|s Evans stk
|t 0
|
| 952 |
f |
f |
|a Texas A&M University
|b College Station
|c Sterling C. Evans Library
|d Evans: Library Stacks
|e TN860 .M5
|h Library of Congress classification
|i unmediated -- volume
|k v.16
|l 1974
|m A14811360509
|p serial
|s Evans stk
|t 0
|
| 952 |
f |
f |
|a Texas A&M University
|b College Station
|c Sterling C. Evans Library
|d Evans: Library Stacks
|e TN860 .M5
|h Library of Congress classification
|i unmediated -- volume
|k v.55:no.1-2
|l 2012:Jan.-Feb.
|m A14841850135
|p serial
|s Evans stk
|t 0
|
| 952 |
f |
f |
|a Texas A&M University
|b College Station
|c Sterling C. Evans Library
|d Evans: Library Stacks
|e TN860 .M5
|h Library of Congress classification
|i unmediated -- volume
|k v.49:no.7-8
|l 2006:July-Aug.
|m A14834656262
|p serial
|s Evans stk
|t 0
|
| 952 |
f |
f |
|a Texas A&M University
|b College Station
|c Sterling C. Evans Library
|d Evans: Library Stacks
|e TN860 .M5
|h Library of Congress classification
|i unmediated -- volume
|k v.38:no.9-13
|l 1995:Sept.-Dec.
|m A14819990031
|p serial
|s Evans stk
|t 0
|
| 952 |
f |
f |
|a Texas A&M University
|b College Station
|c Sterling C. Evans Library
|d Evans: Library Stacks
|e TN860 .M5
|h Library of Congress classification
|i unmediated -- volume
|k v.47:no.5-6
|l 2004:May-June
|m A14831473055
|p serial
|s Evans stk
|t 0
|
| 952 |
f |
f |
|a Texas A&M University
|b College Station
|c Sterling C. Evans Library
|d Evans: Library Stacks
|e TN860 .M5
|h Library of Congress classification
|i unmediated -- volume
|k v.63:no.7-8
|l 2020:July-Aug.
|m A14851485053
|p serial
|s Evans stk
|t 0
|
| 952 |
f |
f |
|a Texas A&M University
|b College Station
|c Sterling C. Evans Library
|d Evans: Library Stacks
|e TN860 .M5
|h Library of Congress classification
|i unmediated -- volume
|k v.45:no.5-6
|l 2002:May-June
|m A14829897471
|p serial
|s Evans stk
|t 0
|
| 952 |
f |
f |
|a Texas A&M University
|b College Station
|c Sterling C. Evans Library
|d Evans: Library Stacks
|e TN860 .M5
|h Library of Congress classification
|i unmediated -- volume
|k v.47:no.9-10
|l 2004:Sept.-Oct.
|m A14831498461
|p serial
|s Evans stk
|t 0
|
| 952 |
f |
f |
|a Texas A&M University
|b College Station
|c Sterling C. Evans Library
|d Evans: Library Stacks
|e TN860 .M5
|h Library of Congress classification
|i unmediated -- volume
|k v.66:no.10-12
|l 2023:Oct.-Dec.
|m A14852160242
|p serial
|s Evans stk
|t 0
|
| 952 |
f |
f |
|a Texas A&M University
|b College Station
|c Sterling C. Evans Library
|d Evans: Library Stacks
|e TN860 .M5
|h Library of Congress classification
|i unmediated -- volume
|k v.62:no.7-8
|l 2019:July-Aug.
|m A14851462946
|p serial
|s Evans stk
|t 0
|
| 952 |
f |
f |
|a Texas A&M University
|b College Station
|c Sterling C. Evans Library
|d Evans: Library Stacks
|e TN860 .M5
|h Library of Congress classification
|i unmediated -- volume
|k v.67:no.4-6
|l 2024:Apr.-June
|m A14852219295
|p serial
|s Evans stk
|t 0
|
| 952 |
f |
f |
|a Texas A&M University
|b College Station
|c Sterling C. Evans Library
|d Evans: Library Stacks
|e TN860 .M5
|h Library of Congress classification
|i unmediated -- volume
|k v.60:no.11-12
|l 2017:Nov.-Dec.
|m A14850367260
|p serial
|s Evans stk
|t 0
|
| 952 |
f |
f |
|a Texas A&M University
|b College Station
|c Sterling C. Evans Library
|d Evans: Library Stacks
|e TN860 .M5
|h Library of Congress classification
|i unmediated -- volume
|k v.52:no.5-6
|l 2008:May-June
|m A14838921041
|p serial
|s Evans stk
|t 0
|
| 952 |
f |
f |
|a Texas A&M University
|b College Station
|c Sterling C. Evans Library
|d Evans: Library Stacks
|e TN860 .M5
|h Library of Congress classification
|i unmediated -- volume
|k v.52:no.9-10
|l 2009:Sept.-Oct.
|m A14839101589
|p serial
|s Evans stk
|t 0
|
| 952 |
f |
f |
|a Texas A&M University
|b College Station
|c Sterling C. Evans Library
|d Evans: Library Stacks
|e TN860 .M5
|h Library of Congress classification
|i unmediated -- volume
|k v.53:no.9-10
|l 2010:Sept.-Oct.
|m A14839425802
|p serial
|s Evans stk
|t 0
|
| 952 |
f |
f |
|a Texas A&M University
|b College Station
|c Sterling C. Evans Library
|d Evans: Library Stacks
|e TN860 .M5
|h Library of Congress classification
|i unmediated -- volume
|k v.50:no.11-12
|l 2007:Nov.-Dec.
|m A14837109670
|p serial
|s Evans stk
|t 0
|
| 952 |
f |
f |
|a Texas A&M University
|b College Station
|c Sterling C. Evans Library
|d Evans: Library Stacks
|e TN860 .M5
|h Library of Congress classification
|i unmediated -- volume
|k v.64:no.8-9
|l 2021:Aug.-Sept.
|m A14851518242
|p serial
|s Evans stk
|t 0
|
| 952 |
f |
f |
|a Texas A&M University
|b College Station
|c Sterling C. Evans Library
|d Evans: Library Stacks
|e TN860 .M5
|h Library of Congress classification
|i unmediated -- volume
|k v.31:no.1-6
|l 1988:Jan.-June
|m A14811828052
|p serial
|s Evans stk
|t 0
|
| 952 |
f |
f |
|a Texas A&M University
|b College Station
|c Sterling C. Evans Library
|d Evans: Library Stacks
|e TN860 .M5
|h Library of Congress classification
|i unmediated -- volume
|k v.60:no.7-8
|l 2017:July-Aug.
|m A14850367245
|p serial
|s Evans stk
|t 0
|
| 952 |
f |
f |
|a Texas A&M University
|b College Station
|c Sterling C. Evans Library
|d Evans: Library Stacks
|e TN860 .M5
|h Library of Congress classification
|i unmediated -- volume
|k v.56:no.11-12
|l 2013:Nov.-Dec.
|m A14842447139
|p serial
|s Evans stk
|t 0
|
| 952 |
f |
f |
|a Texas A&M University
|b College Station
|c Sterling C. Evans Library
|d Evans: Library Stacks
|e TN860 .M5
|h Library of Congress classification
|i unmediated -- volume
|k v.60:no.1-2
|l 2017:Jan.-Feb.
|m A14850367211
|p serial
|s Evans stk
|t 0
|
| 952 |
f |
f |
|a Texas A&M University
|b College Station
|c Sterling C. Evans Library
|d Evans: Library Stacks
|e TN860 .M5
|h Library of Congress classification
|i unmediated -- volume
|k v.37:no.9-12
|l 1994:Sept.-Dec.
|m A14819082684
|p serial
|s Evans stk
|t 0
|
| 952 |
f |
f |
|a Texas A&M University
|b College Station
|c Sterling C. Evans Library
|d Evans: Library Stacks
|e TN860 .M5
|h Library of Congress classification
|i unmediated -- volume
|k v.43:no.5-6
|l 2000:May-June
|m A14826833177
|p serial
|s Evans stk
|t 0
|
| 952 |
f |
f |
|a Texas A&M University
|b College Station
|c Sterling C. Evans Library
|d Evans: Library Stacks
|e TN860 .M5
|h Library of Congress classification
|i unmediated -- volume
|k v.58:no.9-10
|l 2015:Sept.-Oct.
|m A14843169419
|p serial
|s Evans stk
|t 0
|
| 952 |
f |
f |
|a Texas A&M University
|b College Station
|c Sterling C. Evans Library
|d Evans: Library Stacks
|e TN860 .M5
|h Library of Congress classification
|i unmediated -- volume
|k v.55:no.5-6
|l 2012:May-June
|m A14841850168
|p serial
|s Evans stk
|t 0
|
| 952 |
f |
f |
|a Texas A&M University
|b College Station
|c Sterling C. Evans Library
|d Evans: Library Stacks
|e TN860 .M5
|h Library of Congress classification
|i unmediated -- volume
|k v.48:no.9-10
|l 2005:Sept.-Oct.
|m A14833430304
|p serial
|s Evans stk
|t 0
|
| 952 |
f |
f |
|a Texas A&M University
|b College Station
|c Sterling C. Evans Library
|d Evans: Library Stacks
|e TN860 .M5
|h Library of Congress classification
|i unmediated -- volume
|k v.59:no.5-6
|l 2016:May-June
|m A14850087223
|p serial
|s Evans stk
|t 0
|
| 952 |
f |
f |
|a Texas A&M University
|b College Station
|c Sterling C. Evans Library
|d Evans: Library Stacks
|e TN860 .M5
|h Library of Congress classification
|i unmediated -- volume
|k v.63:no.9-10
|l 2020:Sept.-Oct.
|m A14851494279
|p serial
|s Evans stk
|t 0
|
| 952 |
f |
f |
|a Texas A&M University
|b College Station
|c Sterling C. Evans Library
|d Evans: Library Stacks
|e TN860 .M5
|h Library of Congress classification
|i unmediated -- volume
|k v.43:no.12-13
|l 2000:Nov.-Dec.
|m A14827896102
|p serial
|s Evans stk
|t 0
|
| 952 |
f |
f |
|a Texas A&M University
|b College Station
|c Sterling C. Evans Library
|d Evans: Library Stacks
|e TN860 .M5
|h Library of Congress classification
|i unmediated -- volume
|k v.50:no.7-8
|l 2007:July-Aug.
|m A14836440950
|p serial
|s Evans stk
|t 0
|
| 952 |
f |
f |
|a Texas A&M University
|b College Station
|c Sterling C. Evans Library
|d Evans: Library Stacks
|e TN860 .M5
|h Library of Congress classification
|i unmediated -- volume
|k v.48:no.5-6
|l 2005:May-June
|m A14832859076
|p serial
|s Evans stk
|t 0
|
| 952 |
f |
f |
|a Texas A&M University
|b College Station
|c Sterling C. Evans Library
|d Evans: Library Stacks
|e TN860 .M5
|h Library of Congress classification
|i unmediated -- volume
|k v.54:no.3-4
|l 2011:Mar.-Apr.
|m A14841509298
|p serial
|s Evans stk
|t 0
|
| 952 |
f |
f |
|a Texas A&M University
|b College Station
|c Sterling C. Evans Library
|d Evans: Library Stacks
|e TN860 .M5
|h Library of Congress classification
|i unmediated -- volume
|k v.62:no.11-12
|l 2019:Nov.-Dec.
|m A14851462961
|p serial
|s Evans stk
|t 0
|
| 952 |
f |
f |
|a Texas A&M University
|b College Station
|c Sterling C. Evans Library
|d Evans: Library Stacks
|e TN860 .M5
|h Library of Congress classification
|i unmediated -- volume
|k v.49:no.5-6
|l 2006:May-June
|m A14834634090
|p serial
|s Evans stk
|t 0
|
| 952 |
f |
f |
|a Texas A&M University
|b College Station
|c Sterling C. Evans Library
|d Evans: Library Stacks
|e TN860 .M5
|h Library of Congress classification
|i unmediated -- volume
|k v.36:no.1-4
|l 1993:Jan.-Apr.
|m A14818422386
|p serial
|s Evans stk
|t 0
|
| 952 |
f |
f |
|a Texas A&M University
|b College Station
|c Sterling C. Evans Library
|d Evans: Library Stacks
|e TN860 .M5
|h Library of Congress classification
|i unmediated -- volume
|k v.57:no.13-14
|l 2014:Nov.-Dec.
|m A14843116949
|p serial
|s Evans stk
|t 0
|
| 952 |
f |
f |
|a Texas A&M University
|b College Station
|c Sterling C. Evans Library
|d Evans: Library Stacks
|e TN860 .M5
|h Library of Congress classification
|i unmediated -- volume
|k v.44:no.5-6
|l 2001:May-June
|m A14828173492
|p serial
|s Evans stk
|t 0
|
| 952 |
f |
f |
|a Texas A&M University
|b College Station
|c Sterling C. Evans Library
|d Evans: Library Stacks
|e TN860 .M5
|h Library of Congress classification
|i unmediated -- volume
|k v.42:no.5-8
|l 1999:May-Aug.
|m A14825740711
|p serial
|s Evans stk
|t 0
|
| 952 |
f |
f |
|a Texas A&M University
|b College Station
|c Sterling C. Evans Library
|d Evans: Library Stacks
|e TN860 .M5
|h Library of Congress classification
|i unmediated -- volume
|k v.56:no.5-6
|l 2013:May-June
|m A14842447162
|p serial
|s Evans stk
|t 0
|
| 952 |
f |
f |
|a Texas A&M University
|b College Station
|c Sterling C. Evans Library
|d Evans: Library Stacks
|e TN860 .M5
|h Library of Congress classification
|i unmediated -- volume
|k v.58:no.5-6
|l 2015:May-June
|m A14843169427
|p serial
|s Evans stk
|t 0
|
| 952 |
f |
f |
|a Texas A&M University
|b College Station
|c Sterling C. Evans Library
|d Evans: Library Stacks
|e TN860 .M5
|h Library of Congress classification
|i unmediated -- volume
|k v.52:no.11-12
|l 2009:Nov.-Dec.
|m A14839101547
|p serial
|s Evans stk
|t 0
|
| 952 |
f |
f |
|a Texas A&M University
|b College Station
|c Sterling C. Evans Library
|d Evans: Library Stacks
|e TN860 .M5
|h Library of Congress classification
|i unmediated -- volume
|k v.47:no.7-8
|l 2004:July-Aug.
|m A14831473097
|p serial
|s Evans stk
|t 0
|
| 952 |
f |
f |
|a Texas A&M University
|b College Station
|c Sterling C. Evans Library
|d Evans: Library Stacks
|e TN860 .M5
|h Library of Congress classification
|i unmediated -- volume
|k v.60:no.5-6
|l 2017:May-June
|m A14850367237
|p serial
|s Evans stk
|t 0
|
| 952 |
f |
f |
|a Texas A&M University
|b College Station
|c Sterling C. Evans Library
|d Evans: Library Stacks
|e TN860 .M5
|h Library of Congress classification
|i unmediated -- volume
|k v.63:no.5-6
|l 2020:May-June
|m A14851485756
|p serial
|s Evans stk
|t 0
|
| 952 |
f |
f |
|a Texas A&M University
|b College Station
|c Sterling C. Evans Library
|d Evans: Library Stacks
|e TN860 .M5
|h Library of Congress classification
|i unmediated -- volume
|k v.48:no.1-2
|l 2005:Jan.-Feb.
|m A14833707947
|p serial
|s Evans stk
|t 0
|
| 952 |
f |
f |
|a Texas A&M University
|b College Station
|c Sterling C. Evans Library
|d Evans: Library Stacks
|e TN860 .M5
|h Library of Congress classification
|i unmediated -- volume
|k v.44:no.1-2
|l 2001:Jan.-Feb.
|m A14827355237
|p serial
|s Evans stk
|t 0
|
| 952 |
f |
f |
|a Texas A&M University
|b College Station
|c Sterling C. Evans Library
|d Evans: Library Stacks
|e TN860 .M5
|h Library of Congress classification
|i unmediated -- volume
|k v.61:no.7-8
|l 2018:July-Aug
|m A14850396822
|p serial
|s Evans stk
|t 0
|
| 952 |
f |
f |
|a Texas A&M University
|b College Station
|c Sterling C. Evans Library
|d Evans: Library Stacks
|e TN860 .M5
|h Library of Congress classification
|i unmediated -- volume
|k v.47:no.1-2
|l 2004:Jan.-Feb.
|m A14832177335
|p serial
|s Evans stk
|t 0
|
| 952 |
f |
f |
|a Texas A&M University
|b College Station
|c Sterling C. Evans Library
|d Evans: Library Stacks
|e TN860 .M5
|h Library of Congress classification
|i unmediated -- volume
|k v.56:no.3-4
|l 2013:Mar.-Apr.
|m A14842447287
|p serial
|s Evans stk
|t 0
|
| 952 |
f |
f |
|a Texas A&M University
|b College Station
|c Sterling C. Evans Library
|d Evans: Library Stacks
|e TN860 .M5
|h Library of Congress classification
|i unmediated -- volume
|k v.48:no.11-12
|l 2005:Nov.-Dec.
|m A14834461057
|p serial
|s Evans stk
|t 0
|
| 952 |
f |
f |
|a Texas A&M University
|b College Station
|c Sterling C. Evans Library
|d Evans: Library Stacks
|e TN860 .M5
|h Library of Congress classification
|i unmediated -- volume
|k v.47:no.11-12
|l 2004:Nov.-Dec.
|m A14833688949
|p serial
|s Evans stk
|t 0
|
| 952 |
f |
f |
|a Texas A&M University
|b College Station
|c Sterling C. Evans Library
|d Evans: Library Stacks
|e TN860 .M5
|h Library of Congress classification
|i unmediated -- volume
|k v.52:no.3-4
|l 2009:Mar.-April
|m A14838814503
|p serial
|s Evans stk
|t 0
|
| 952 |
f |
f |
|a Texas A&M University
|b College Station
|c Sterling C. Evans Library
|d Evans: Library Stacks
|e TN860 .M5
|h Library of Congress classification
|i unmediated -- volume
|k v.63:no.3-4
|l 2020:Mar.-Apr.
|m A14851485749
|p serial
|s Evans stk
|t 0
|
| 952 |
f |
f |
|a Texas A&M University
|b College Station
|c Sterling C. Evans Library
|d Evans: Library Stacks
|e TN860 .M5
|h Library of Congress classification
|i unmediated -- volume
|k v.54:no.11-12
|l 2011:Nov.-Dec.
|m A14841509337
|p serial
|s Evans stk
|t 0
|
| 952 |
f |
f |
|a Texas A&M University
|b College Station
|c Sterling C. Evans Library
|d Evans: Library Stacks
|e TN860 .M5
|h Library of Congress classification
|i unmediated -- volume
|k v.66:no.1-3
|l 2023:Jan.-Mar.
|m A14851812561
|p serial
|s Evans stk
|t 0
|
| 952 |
f |
f |
|a Texas A&M University
|b College Station
|c Sterling C. Evans Library
|d Evans: Library Stacks
|e TN860 .M5
|h Library of Congress classification
|i unmediated -- volume
|k v.61:no.1-2
|l 2018:Jan.-Feb.
|m A14850390973
|p serial
|s Evans stk
|t 0
|
| 952 |
f |
f |
|a Texas A&M University
|b College Station
|c Sterling C. Evans Library
|d Evans: Library Stacks
|e TN860 .M5
|h Library of Congress classification
|i unmediated -- volume
|k v.38:no.5-8
|l 1995:May-Aug.
|m A14819990049
|p serial
|s Evans stk
|t 0
|
| 952 |
f |
f |
|a Texas A&M University
|b College Station
|c Sterling C. Evans Library
|d Evans: Library Stacks
|e TN860 .M5
|h Library of Congress classification
|i unmediated -- volume
|k v.44:no.11-12
|l 2001:Nov.-Dec.
|m A14828580526
|p serial
|s Evans stk
|t 0
|
| 952 |
f |
f |
|a Texas A&M University
|b College Station
|c Sterling C. Evans Library
|d Evans: Library Stacks
|e TN860 .M5
|h Library of Congress classification
|i unmediated -- volume
|k v.51:no.8-9
|l 2008:Aug.-July
|m A14834752628
|p serial
|s Evans stk
|t 0
|
| 952 |
f |
f |
|a Texas A&M University
|b College Station
|c Sterling C. Evans Library
|d Evans: Library Stacks
|e TN860 .M5
|h Library of Congress classification
|i unmediated -- volume
|k v.55:no.7-8
|l 2012:July-Aug.
|m A14841850150
|p serial
|s Evans stk
|t 0
|
| 952 |
f |
f |
|a Texas A&M University
|b College Station
|c Sterling C. Evans Library
|d Evans: Library Stacks
|e TN860 .M5
|h Library of Congress classification
|i unmediated -- volume
|k v.48:no.7-8
|l 2005:July-Aug.
|m A14832891735
|p serial
|s Evans stk
|t 0
|
| 952 |
f |
f |
|a Texas A&M University
|b College Station
|c Sterling C. Evans Library
|d Evans: Library Stacks
|e TN860 .M5
|h Library of Congress classification
|i unmediated -- volume
|k v.43:no.3-4
|l 2000:Mar-April
|m A14826834301
|p serial
|s Evans stk
|t 0
|
| 952 |
f |
f |
|a Texas A&M University
|b College Station
|c Sterling C. Evans Library
|d Evans: Library Stacks
|e TN860 .M5
|h Library of Congress classification
|i unmediated -- volume
|k v.45:no.9-10
|l 2002:Sept.
|m A14829897633
|p serial
|s Evans stk
|t 0
|
| 952 |
f |
f |
|a Texas A&M University
|b College Station
|c Sterling C. Evans Library
|d Evans: Library Stacks
|e TN860 .M5
|h Library of Congress classification
|i unmediated -- volume
|k v.46:no.1-2
|l 2003:Jan.-Feb.
|m A14830952682
|p serial
|s Evans stk
|t 0
|
| 952 |
f |
f |
|a Texas A&M University
|b College Station
|c Sterling C. Evans Library
|d Evans: Library Stacks
|e TN860 .M5
|h Library of Congress classification
|i unmediated -- volume
|k v.51:on.6-7
|l 2008:May-June
|m A14834750236
|p serial
|s Evans stk
|t 0
|
| 952 |
f |
f |
|a Texas A&M University
|b College Station
|c Sterling C. Evans Library
|d Evans: Library Stacks
|e TN860 .M5
|h Library of Congress classification
|i unmediated -- volume
|k v.65:no.1-3
|l 2022:Jan.-Mar.
|m A14851813189
|p serial
|s Evans stk
|t 0
|
| 952 |
f |
f |
|a Texas A&M University
|b College Station
|c Sterling C. Evans Library
|d Evans: Library Stacks
|e TN860 .M5
|h Library of Congress classification
|i unmediated -- volume
|k v.59:no.9-11
|l 2016:Sept.-Oct.
|m A14850087249
|p serial
|s Evans stk
|t 0
|
| 952 |
f |
f |
|a Texas A&M University
|b College Station
|c Sterling C. Evans Library
|d Evans: Library Stacks
|e TN860 .M5
|h Library of Congress classification
|i unmediated -- volume
|k v.66:no.7-9
|l 2023:July-Sept.
|m A14851846007
|p serial
|s Evans stk
|t 0
|
| 952 |
f |
f |
|a Texas A&M University
|b College Station
|c Sterling C. Evans Library
|d Evans: Library Stacks
|e TN860 .M5
|h Library of Congress classification
|i unmediated -- volume
|k v.32:no.1-6
|l 1989:Jan.-June
|m A14812052701
|p serial
|s Evans stk
|t 0
|
| 952 |
f |
f |
|a Texas A&M University
|b College Station
|c Sterling C. Evans Library
|d Evans: Library Stacks
|e TN860 .M5
|h Library of Congress classification
|i unmediated -- volume
|k v.41:no.1-4
|l 1998:Jan.-Apr.
|m A14823650481
|p serial
|s Evans stk
|t 0
|
| 952 |
f |
f |
|a Texas A&M University
|b College Station
|c Sterling C. Evans Library
|d Evans: Library Stacks
|e TN860 .M5
|h Library of Congress classification
|i unmediated -- volume
|k v.37:no.5-8
|l 1994:May-Aug.
|m A14819082731
|p serial
|s Evans stk
|t 0
|
| 952 |
f |
f |
|a Texas A&M University
|b College Station
|c Sterling C. Evans Library
|d Evans: Library Stacks
|e TN860 .M5
|h Library of Congress classification
|i unmediated -- volume
|k v.53:no.3-4
|l 2010:Mar.-Apr.
|m A14839425836
|p serial
|s Evans stk
|t 0
|
| 952 |
f |
f |
|a Texas A&M University
|b College Station
|c Sterling C. Evans Library
|d Evans: Library Stacks
|e TN860 .M5
|h Library of Congress classification
|i unmediated -- volume
|k v.58:no.3-4
|l 2015:Mar.-Apr.
|m A14843116824
|p serial
|s Evans stk
|t 0
|
| 952 |
f |
f |
|a Texas A&M University
|b College Station
|c Sterling C. Evans Library
|d Evans: Library Stacks
|e TN860 .M5
|h Library of Congress classification
|i unmediated -- volume
|k v.54:no.1-2
|l 2011:Jan.-Feb.
|m A14841509303
|p serial
|s Evans stk
|t 0
|
| 952 |
f |
f |
|a Texas A&M University
|b College Station
|c Sterling C. Evans Library
|d Evans: Library Stacks
|e TN860 .M5
|h Library of Congress classification
|i unmediated -- volume
|k v.34:no.1-6
|l 1991:Jan.-June
|m A14816051642
|p serial
|s Evans stk
|t 0
|
| 952 |
f |
f |
|a Texas A&M University
|b College Station
|c Sterling C. Evans Library
|d Evans: Library Stacks
|e TN860 .M5
|h Library of Congress classification
|i unmediated -- volume
|k v.44:no.7-8
|l 2001:July-Aug.
|m A14828173531
|p serial
|s Evans stk
|t 0
|
| 952 |
f |
f |
|a Texas A&M University
|b College Station
|c Sterling C. Evans Library
|d Evans: Library Stacks
|e TN860 .M5
|h Library of Congress classification
|i unmediated -- volume
|k v.52:no.1-2
|l 2009:Jan.-Feb.
|m A14838814464
|p serial
|s Evans stk
|t 0
|
| 952 |
f |
f |
|a Texas A&M University
|b College Station
|c Sterling C. Evans Library
|d Evans: Library Stacks
|e TN860 .M5
|h Library of Congress classification
|i unmediated -- volume
|k v.51:no.14
|l 2008:Dec.
|m A14834777050
|p serial
|s Evans stk
|t 0
|
| 952 |
f |
f |
|a Texas A&M University
|b College Station
|c Sterling C. Evans Library
|d Evans: Library Stacks
|e TN860 .M5
|h Library of Congress classification
|i unmediated -- volume
|k v.60:no.3-4
|l 2017:Mar.-Apr.
|m A14850367229
|p serial
|s Evans stk
|t 0
|
| 952 |
f |
f |
|a Texas A&M University
|b College Station
|c Sterling C. Evans Library
|d Evans: Library Stacks
|e TN860 .M5
|h Library of Congress classification
|i unmediated -- volume
|k v.64:no.1-2
|l 2021:Jan.-Feb.
|m A14851479189
|p serial
|s Evans stk
|t 0
|
| 952 |
f |
f |
|a Texas A&M University
|b College Station
|c Sterling C. Evans Library
|d Evans: Library Stacks
|e TN860 .M5
|h Library of Congress classification
|i unmediated -- volume
|k v.46:no.7-8
|l 2003:July-Aug.
|m A14830948405
|p serial
|s Evans stk
|t 0
|
| 952 |
f |
f |
|a Texas A&M University
|b College Station
|c Sterling C. Evans Library
|d Evans: Library Stacks
|e TN860 .M5
|h Library of Congress classification
|i unmediated -- volume
|k v.46:no.11-12
|l 2003:Nov.-Dec.
|m A14832177296
|p serial
|s Evans stk
|t 0
|
| 952 |
f |
f |
|a Texas A&M University
|b College Station
|c Sterling C. Evans Library
|d Evans: Library Stacks
|e TN860 .M5
|h Library of Congress classification
|i unmediated -- volume
|k v.36:no.5-8
|l 1993:May-Aug.
|m A14818417373
|p serial
|s Evans stk
|t 0
|
| 952 |
f |
f |
|a Texas A&M University
|b College Station
|c Sterling C. Evans Library
|d Evans: Library Stacks
|e TN860 .M5
|h Library of Congress classification
|i unmediated -- volume
|k v.61:no.5-6
|l 2018:May-June
|m A14850396830
|p serial
|s Evans stk
|t 0
|
| 952 |
f |
f |
|a Texas A&M University
|b College Station
|c Sterling C. Evans Library
|d Evans: Library Stacks
|e TN860 .M5
|h Library of Congress classification
|i unmediated -- volume
|k v.33:no.1-6
|l 1990:Jan.-June
|m A14814654169
|p serial
|s Evans stk
|t 0
|
| 952 |
f |
f |
|a Texas A&M University
|b College Station
|c Sterling C. Evans Library
|d Evans: Library Stacks
|e TN860 .M5
|h Library of Congress classification
|i unmediated -- volume
|k v. 65:no.4-6
|l 2022:Apr.-June
|m A14851804055
|p serial
|s Evans stk
|t 0
|
| 952 |
f |
f |
|a Texas A&M University
|b College Station
|c Sterling C. Evans Library
|d Evans: Library Stacks
|e TN860 .M5
|h Library of Congress classification
|i unmediated -- volume
|k v.43:no.11
|l 2000:Nov
|m A14827355279
|p serial
|s Evans stk
|t 0
|
| 952 |
f |
f |
|a Texas A&M University
|b College Station
|c Sterling C. Evans Library
|d Evans: Library Stacks
|e TN860 .M5
|h Library of Congress classification
|i unmediated -- volume
|k v.29:no.1-6
|l 1986:Jan.-June
|m A14811837912
|p serial
|s Evans stk
|t 0
|
| 952 |
f |
f |
|a Texas A&M University
|b College Station
|c Sterling C. Evans Library
|d Evans: Library Stacks
|e TN860 .M5
|h Library of Congress classification
|i unmediated -- volume
|k v.61:no.3-4
|l 2018:Mar.-Apr.
|m A14850392748
|p serial
|s Evans stk
|t 0
|
| 952 |
f |
f |
|a Texas A&M University
|b College Station
|c Sterling C. Evans Library
|d Evans: Library Stacks
|e TN860 .M5
|h Library of Congress classification
|i unmediated -- volume
|k v.52:no.7-8
|l 2009:July-Aug.
|m A14838921130
|p serial
|s Evans stk
|t 0
|
| 952 |
f |
f |
|a Texas A&M University
|b College Station
|c Sterling C. Evans Library
|d Evans: Library Stacks
|e TN860 .M5
|h Library of Congress classification
|i unmediated -- volume
|k v.29:no.7-12
|l 1986:July-Dec.
|m A14811837962
|p serial
|s Evans stk
|t 0
|
| 952 |
f |
f |
|a Texas A&M University
|b College Station
|c Sterling C. Evans Library
|d Evans: Library Stacks
|e TN860 .M5
|h Library of Congress classification
|i unmediated -- volume
|k v.44:no.9-10
|l 2001:Sept.-Oct
|m A14828580568
|p serial
|s Evans stk
|t 0
|
| 952 |
f |
f |
|a Texas A&M University
|b College Station
|c Sterling C. Evans Library
|d Evans: Library Stacks
|e TN860 .M5
|h Library of Congress classification
|i unmediated -- volume
|k v.56:no.9-10
|l 2013:Sept.-Oct.
|m A14842447147
|p serial
|s Evans stk
|t 0
|
| 952 |
f |
f |
|a Texas A&M University
|b College Station
|c Sterling C. Evans Library
|d Evans: Library Stacks
|e TN860 .M5
|h Library of Congress classification
|i unmediated -- volume
|k v.47:no.3-4
|l 2004:Mar.-Apr.
|m A14832177377
|p serial
|s Evans stk
|t 0
|
| 952 |
f |
f |
|a Texas A&M University
|b College Station
|c Sterling C. Evans Library
|d Evans: Library Stacks
|e TN860 .M5
|h Library of Congress classification
|i unmediated -- volume
|k v.61:no.11-13
|l 2018:Oct.-Dec.
|m A14850418634
|p serial
|s Evans stk
|t 0
|
| 952 |
f |
f |
|a Texas A&M University
|b College Station
|c Sterling C. Evans Library
|d Evans: Library Stacks
|e TN860 .M5
|h Library of Congress classification
|i unmediated -- volume
|k v.57:no.9-10
|l 2014:Aug.-Sept.
|m A14842837826
|p serial
|s Evans stk
|t 0
|
| 952 |
f |
f |
|a Texas A&M University
|b College Station
|c Sterling C. Evans Library
|d Evans: Library Stacks
|e TN860 .M5
|h Library of Congress classification
|i unmediated -- volume
|k v.48:no.3-4
|l 2005:Mar.-Apr.
|m A14833707989
|p serial
|s Evans stk
|t 0
|
| 952 |
f |
f |
|a Texas A&M University
|b College Station
|c Sterling C. Evans Library
|d Evans: Library Stacks
|e TN860 .M5
|h Library of Congress classification
|i unmediated -- volume
|k v.64:no.10-12
|l 2021:Oct.-Dec.
|m A14851518259
|p serial
|s Evans stk
|t 0
|
| 952 |
f |
f |
|a Texas A&M University
|b College Station
|c Sterling C. Evans Library
|d Evans: Library Stacks
|e TN860 .M5
|h Library of Congress classification
|i unmediated -- volume
|k v.59:no.12-13
|l 2016:Nov.-Dec.
|m A14850087256
|p serial
|s Evans stk
|t 0
|
| 952 |
f |
f |
|a Texas A&M University
|b College Station
|c Sterling C. Evans Library
|d Evans: Library Stacks
|e TN860 .M5
|h Library of Congress classification
|i unmediated -- volume
|k v.58:no.11-12
|l 2015:Nov.-Dec.
|m A14843533937
|p serial
|s Evans stk
|t 0
|
| 952 |
f |
f |
|a Texas A&M University
|b College Station
|c Sterling C. Evans Library
|d Evans: Library Stacks
|e TN860 .M5
|h Library of Congress classification
|i unmediated -- volume
|k v.56:no.7-8
|l 2013:July-Aug.
|m A14842447154
|p serial
|s Evans stk
|t 0
|
| 952 |
f |
f |
|a Texas A&M University
|b College Station
|c Sterling C. Evans Library
|d Evans: Library Stacks
|e TN860 .M5
|h Library of Congress classification
|i unmediated -- volume
|k v.51:no.12-13
|l 2008:Oct.-Nov.
|m A14834777018
|p serial
|s Evans stk
|t 0
|
| 952 |
f |
f |
|a Texas A&M University
|b College Station
|c Sterling C. Evans Library
|d Evans: Library Stacks
|e TN860 .M5
|h Library of Congress classification
|i unmediated -- volume
|k v.57:no.5-6
|l 2014:April-May
|m A14842837842
|p serial
|s Evans stk
|t 0
|
| 952 |
f |
f |
|a Texas A&M University
|b College Station
|c Sterling C. Evans Library
|d Evans: Library Stacks
|e TN860 .M5
|h Library of Congress classification
|i unmediated -- volume
|k v.67:no.7-9
|l 2024:Jul.-Sep.
|m A14852218867
|p serial
|s Evans stk
|t 0
|
| 952 |
f |
f |
|a Texas A&M University
|b College Station
|c Sterling C. Evans Library
|d Evans: At Bindery (Does not check out)
|e TN860 .M5
|h Library of Congress classification
|i unmediated -- volume
|k v.68:no.10-11
|l 2025:Oct.-Nov.
|m A14852823237
|p serial
|s Evans at bindery
|t 0
|
| 952 |
f |
f |
|a Texas A&M University
|b College Station
|c Sterling C. Evans Library
|d Evans: Library Stacks
|e TN860 .M5
|h Library of Congress classification
|i unmediated -- volume
|k v.66:no.4-6
|l 2023:Apr.-June
|m A14851843335
|p serial
|s Evans stk
|t 0
|
| 952 |
f |
f |
|a Texas A&M University
|b College Station
|c Sterling C. Evans Library
|d Evans: Library Stacks
|e TN860 .M5
|h Library of Congress classification
|i unmediated -- volume
|k v.41:no.5-8
|l 1998:May-Aug.
|m A14823752411
|p serial
|s Evans stk
|t 0
|
| 952 |
f |
f |
|a Texas A&M University
|b College Station
|c Sterling C. Evans Library
|d Evans: Library Stacks
|e TN860 .M5
|h Library of Congress classification
|i unmediated -- volume
|k v.30:no.1-6
|l 1987:Jan.-June
|m A14811385290
|p serial
|s Evans stk
|t 0
|
| 952 |
f |
f |
|a Texas A&M University
|b College Station
|c Sterling C. Evans Library
|d Evans: Library Stacks
|e TN860 .M5
|h Library of Congress classification
|i unmediated -- volume
|k v.62:no.9-10
|l 2019:Sept.-Oct.
|m A14851462953
|p serial
|s Evans stk
|t 0
|
| 952 |
f |
f |
|a Texas A&M University
|b College Station
|c Sterling C. Evans Library
|d Evans: Library Stacks
|e TN860 .M5
|h Library of Congress classification
|i unmediated -- volume
|k v.45:no.11-13
|l 2002:Oct.-Dec.
|m A14829897594
|p serial
|s Evans stk
|t 0
|
| 952 |
f |
f |
|a Texas A&M University
|b College Station
|c Sterling C. Evans Library
|d Evans: Library Stacks
|e TN860 .M5
|h Library of Congress classification
|i unmediated -- volume
|k v.49:no.9-10
|l 2006:Sept.-Oct.
|m A14835091952
|p serial
|s Evans stk
|t 0
|
| 952 |
f |
f |
|a Texas A&M University
|b College Station
|c Sterling C. Evans Library
|d Evans: Library Stacks
|e TN860 .M5
|h Library of Congress classification
|i unmediated -- volume
|k v.51:no.3-4
|l 2008:Mar.-April
|m A14837289828
|p serial
|s Evans stk
|t 0
|
| 952 |
f |
f |
|a Texas A&M University
|b College Station
|c Sterling C. Evans Library
|d Evans: Library Stacks
|e TN860 .M5
|h Library of Congress classification
|i unmediated -- volume
|k v.62:no.1-2
|l 2019:Jan.-Feb.
|m A14851462912
|p serial
|s Evans stk
|t 0
|
| 952 |
f |
f |
|a Texas A&M University
|b College Station
|c Sterling C. Evans Library
|d Evans: Library Stacks
|e TN860 .M5
|h Library of Congress classification
|i unmediated -- volume
|k v.58:no.1-2
|l 2015:Jan.-Feb.
|m A14843116832
|p serial
|s Evans stk
|t 0
|
| 952 |
f |
f |
|a Texas A&M University
|b College Station
|c Sterling C. Evans Library
|d Evans: Library Stacks
|e TN860 .M5
|h Library of Congress classification
|i unmediated -- volume
|k v.63:no.11-12
|l 2020:Nov.-Dec.
|m A14851472382
|p serial
|s Evans stk
|t 0
|
| 952 |
f |
f |
|a Texas A&M University
|b College Station
|c Sterling C. Evans Library
|d Evans: Library Stacks
|e TN860 .M5
|h Library of Congress classification
|i unmediated -- volume
|k v.42:no.9-12
|l 1999:Sept.-Dec.
|m A14825740680
|p serial
|s Evans stk
|t 0
|
| 952 |
f |
f |
|a Texas A&M University
|b College Station
|c Sterling C. Evans Library
|d Evans: Library Stacks
|e TN860 .M5
|h Library of Congress classification
|i unmediated -- volume
|k v.45:no.7-8
|l 2002:July-Aug.
|m A14829897675
|p serial
|s Evans stk
|t 0
|
| 952 |
f |
f |
|a Texas A&M University
|b College Station
|c Sterling C. Evans Library
|d Evans: Library Stacks
|e TN860 .M5
|h Library of Congress classification
|i unmediated -- volume
|k v.62:no.5-6
|l 2019:May-June
|m A14851462938
|p serial
|s Evans stk
|t 0
|
| 952 |
f |
f |
|a Texas A&M University
|b College Station
|c Sterling C. Evans Library
|d Evans: Library Stacks
|e TN860 .M5
|h Library of Congress classification
|i unmediated -- volume
|k v.64:no.3-4
|l 2021:Mar.-Apr.
|m A14851502899
|p serial
|s Evans stk
|t 0
|
| 952 |
f |
f |
|a Texas A&M University
|b College Station
|c Sterling C. Evans Library
|d Evans: Library Stacks
|e TN860 .M5
|h Library of Congress classification
|i unmediated -- volume
|k v.39:no.9-13
|l 1996:Sept.-Dec.
|m A14821428309
|p serial
|s Evans stk
|t 0
|
| 952 |
f |
f |
|a Texas A&M University
|b College Station
|c Sterling C. Evans Library
|d Evans: Library Stacks
|e TN860 .M5
|h Library of Congress classification
|i unmediated -- volume
|k v.45:no.1-2
|l 2002:Jan.-Feb.
|m A14829897552
|p serial
|s Evans stk
|t 0
|
| 952 |
f |
f |
|a Texas A&M University
|b College Station
|c Sterling C. Evans Library
|d Evans: Library Stacks
|e TN860 .M5
|h Library of Congress classification
|i unmediated -- volume
|k v.35:no.1-6
|l 1992:Jan.-June
|m A14817017748
|p serial
|s Evans stk
|t 0
|
| 952 |
f |
f |
|a Texas A&M University
|b College Station
|c Sterling C. Evans Library
|d Evans: Library Stacks
|e TN860 .M5
|h Library of Congress classification
|i unmediated -- volume
|k v.59:no.2-4
|l 2016:Feb.-Apr.
|m A14843533929
|p serial
|s Evans stk
|t 0
|
| 952 |
f |
f |
|a Texas A&M University
|b College Station
|c Sterling C. Evans Library
|d Evans: Library Stacks
|e TN860 .M5
|h Library of Congress classification
|i unmediated -- volume
|k v.51:no.1-2
|l 2008:Jan.-Feb.
|m A14837109688
|p serial
|s Evans stk
|t 0
|
| 952 |
f |
f |
|a Texas A&M University
|b College Station
|c Sterling C. Evans Library
|d Evans: Library Stacks
|e TN860 .M5
|h Library of Congress classification
|i unmediated -- volume
|k v.49:no.1-2
|l 2006:Jan.-Feb.
|m A14834461099
|p serial
|s Evans stk
|t 0
|
| 952 |
f |
f |
|a Texas A&M University
|b College Station
|c Sterling C. Evans Library
|d Evans: Library Stacks
|e TN860 .M5
|h Library of Congress classification
|i unmediated -- volume
|k Anniversary Issue
|l 1958/2008
|m A14838531595
|p serial
|s Evans stk
|t 0
|
| 952 |
f |
f |
|a Texas A&M University
|b College Station
|c Sterling C. Evans Library
|d Evans: Library Stacks
|e TN860 .M5
|h Library of Congress classification
|i unmediated -- volume
|k v.54:no.5-6
|l 2011:May-June
|m A14841509361
|p serial
|s Evans stk
|t 0
|
| 952 |
f |
f |
|a Texas A&M University
|b College Station
|c Sterling C. Evans Library
|d Evans: Library Stacks
|e TN860 .M5
|h Library of Congress classification
|i unmediated -- volume
|k v.51:no.10
|l 2008:Sept
|m A14834794816
|p serial
|s Evans stk
|t 0
|
| 952 |
f |
f |
|a Texas A&M University
|b College Station
|c Sterling C. Evans Library
|d Evans: Library Stacks
|e TN860 .M5
|h Library of Congress classification
|i unmediated -- volume
|k v.61:no.9-10
|l 2018:Sept.-Pbios
|m A14850418626
|p serial
|s Evans stk
|t 0
|
| 952 |
f |
f |
|a Texas A&M University
|b College Station
|c Sterling C. Evans Library
|d Evans: Library Stacks
|e TN860 .M5
|h Library of Congress classification
|i unmediated -- volume
|k v.43:no.9
|l 2000:Sept.
|m A14827355512
|p serial
|s Evans stk
|t 0
|
| 952 |
f |
f |
|a Texas A&M University
|b College Station
|c Sterling C. Evans Library
|d Evans: Library Stacks
|e TN860 .M5
|h Library of Congress classification
|i unmediated -- volume
|k v.31:no.7-12
|l 1988:July-Dec.
|m A14811828109
|p serial
|s Evans stk
|t 0
|
| 952 |
f |
f |
|a Texas A&M University
|b College Station
|c Sterling C. Evans Library
|d Evans: Library Stacks
|e TN860 .M5
|h Library of Congress classification
|i unmediated -- volume
|k v.56:no.1-2
|l 2013:Jan.-Feb.
|m A14842447279
|p serial
|s Evans stk
|t 0
|
| 998 |
f |
f |
|a TN860 .M5
|s v.68:no.4-11 (2025:Apr.-Nov.)
|t 0
|l Evans: Library Stacks
|